000 00387nam a2200145Ia 4500
008 220217s9999||||xx |||||||||||||| ||und||
020 _a978-81-317-1124-8
082 _a510 JAM
100 _aJames, Glyn
245 0 _aAdvanced modern engineering mathematics
250 _a3rd
260 _aPearson education of asia
_bNew Delhi
_c2008
300 _b599
650 _aMATHEMATICS
999 _c179848
_d179848